000 01511 a2200205 4500
001 53981
005 20260407155810.0
008 260407a1971 arg spa d
003 AR-UNSa-BCEJYS
040 _aAR-UNSa-BCEJYS
_bspa
_cAR-UNSa-BCEJYS
080 _a330.85
_xDoctrina económica marxista-leninista
245 1 0 _aLa economía política de Marx
_porigen y desarrollo
264 1 _aBuenos Aires :
_bPaidós
_c1971
300 _a283 p.
_c19 cm.
505 _aPrimera parte - 1. La esencia del marxismo - 2. La base hegeliana del marxismo - 3. La teoría de la historia de Marx: su contenido fundamental - 4. La teoría de la historia de Marx: visión general - 5. Introducción a la economía marxista - 6. La ley marxista del valor: la versión inicial - 7. El salario de subsistencia - 8. La plusvalía - 9. La teoría del valor y el precio de Marx: segunda y tercera versiones - 10. La plusvalía: segundo examen de lo que se divide - 11. División de la plusvalía: interés y renta - 12. La circulación y acumulación del capital - 13. Introducción al proceso de la contradicción capitalista - 14. La declinación permanente en la tasa general de beneficio - 15. La causa fundamental de la contradicción capitalista y las fuerzas que la gravan - 16. El imperialismo económico - 17. La miseria creciente de la clase trabajadora - 18. Las circunstancias objetivas para la revolución
041 _aspa
942 _cBK
590 _aniveau_biblio:m niveau_hierar:0
100 1 _aBalinky, Alexander
999 _c5311
_d5311